00719cam a22002534a 45000010009000000050017000090080041000260100017000670150019000840160020001030160018001230200026001410200023001670350024001900400055002140410008002690420008002770800014002850820018002991000006003171010008003232450083003315040051004141584950620180827034232.0090803s2010 cau b 001 0 eng  a 2009031936 aGBA9909232bnb7 a1015122352DNLM7 a0153712082Uk a9780470457962 (cloth) a0470457961 (cloth) a(OCoLC)ocn429588900 aDNLM/DLCcDLCdBTCTAdNLMdC#PdUBYdUKMdCDXdDLC aeng apcc a610.7307600a610.73076222 a2 aINF00aEducating nurses :cPatricia Benner ... [et al.] ; foreword by Lee S. Shulman. aIncludes bibliographical references and index.